000 00542cas a22001935a 4500
001 L138771
008 070710c nz qr p 0 a0eng u
022 1 _a0114-0221
035 _a(Sirsi) u138771
041 0 _aeng
110 2 _aNew Zealand Institute of Quantity Surveyors
_9545
245 0 0 _aBulletin
260 _aWellington
_bNew Zealand Institute of Quantity Surveyors
_c[198-?]-
362 0 _a(31) May 1988-(77) December 1999
554 _aFour per year
651 4 _aNew Zealand
690 _aQuantity surveying
_96263
942 _n0
999 _c119032
_d119032